000 00386 a2200169 4500
001 50189
020 _a8516020983
040 _cAnchieta - Bela Vista
100 _aVargas Filho , Demóstenes Dumont
240 1 0 _aDe frente para o sol
_lpor
245 1 0 _aDe frente para o sol
300 _a45
362 0 _a1998
440 1 _aModerna
650 4 _aLiteratura infantil
942 _cBK
999 _c50189
_d50189